Ultimate guide to the LLB entrance examination 2017 / (Record no. 138756)

MARC details
000 -LEADER
fixed length control field 00837nam a22002297a 4500
005 - DATE AND TIME OF LATEST TRANSACTION
control field 20170411121147.0
020 ## - INTERNATIONAL STANDARD BOOK NUMBER
International Standard Book Number 9789350358566
Terms of availability 725.00
035 ## - SYSTEM CONTROL NUMBER
System control number B-667605
037 ## - SOURCE OF ACQUISITION
Source of stock number/acquisition KBD
Stock number dpl
082 ## - DEWEY DECIMAL CLASSIFICATION NUMBER
Classification number 000
100 ## - MAIN ENTRY--PERSONAL NAME
Personal name Rashid M.A.
245 ## - TITLE STATEMENT
Title Ultimate guide to the LLB entrance examination 2017 /
Statement of responsibility, etc M.A. Rashid [and] Nisa fasil
250 ## - EDITION STATEMENT
Edition statement 9th ed.
260 ## - PUBLICATION, DISTRIBUTION, ETC. (IMPRINT)
Place of publication, distribution, etc Gurgaon
Name of publisher, distributor, etc LexisNexis
Date of publication, distribution, etc 2017
270 ## - ADDRESS
Address 14th Floor,Building No-10,Tower-B,DLF Cyber City, Phase-II
City Gurgaon
Postal code 122002
300 ## - PHYSICAL DESCRIPTION
Extent xxviii,1043p.
Dimensions 24cm(pbk)
490 ## - SERIES STATEMENT
Series statement Best choice for CLAT
500 ## - GENERAL NOTE
General note Includes index
700 ## - ADDED ENTRY--PERSONAL NAME
Personal name Nisa Fasil
942 ## - ADDED ENTRY ELEMENTS (KOHA)
Source of classification or shelving scheme Dewey Decimal Classification
Item type English Books
Call number suffix RAS
Classification part 000
Holdings
Withdrawn status Lost status Not for loan Collection code Home library Current library Date acquired Source of acquisition Cost, normal purchase price Full call number Barcode Copy number Cost, replacement price Koha item type
      Non-fiction Ashok Vihar Ashok Vihar 11/04/2017 BPPD/EN/2015-16/AV/16-17/393/24.2.2017/BL-18/24.2.2017/ 17.3.2017 725.00 000 RAS B-667605 1 725.00 English Books

© Delhi Public Library
Hit Counter
free hit counter